[Event "Maikop University"]
[Site "Maikop"]
[Date "1998.06.10"]
[Round "10"]
[White "Kharlov Andrei"]
[Black "Vorobiov Evgeny E"]
[Result "1-0"]
[WhiteElo "2560"]
[BlackElo "2475"]
[PlyCount "137"]
[EventDate "1998.06.01"]

1. e4 c5 2. Nf3 d6 3. d4 cxd4 4. Nxd4 Nf6 5. Nc3 a6 6. Be2 e6 7. a4 Nc6 8. Be3
Be7 9. O-O O-O 10. f4 Qc7 11. Kh1 Re8 12. Qd2 Bd7 13. Nb3 b6 14. Bf3 Rab8 15.
g4 Bc8 16. g5 Nd7 17. Bg2 Na5 18. Nxa5 bxa5 19. b3 Bb7 20. Ne2 Rec8 21. Ra2 Bc6
22. Ng3 Bf8 23. Qe2 Nc5 24. Raa1 Qb7 25. Bg1 Qa8 26. Rad1 Rb4 27. Bd4 g6 28.
Bc3 Nxe4 29. Bxb4 Nxg3+ 30. hxg3 axb4 31. Rf2 Bxg2+ 32. Rxg2 Rc5 33. Rd3 Qc6
34. Kg1 e5 35. Re3 exf4 36. gxf4 Rf5 37. Rf3 d5 38. Rh2 Bd6 39. Rh4 h5 40. gxh6
Kh7 41. Qd3 Bc5+ 42. Kg2 Qf6 43. Rg4 Kxh6 44. Qd2 Bd6 45. Qe3 Kg7 46. Qb6 Qe6
47. Qd4+ Kg8 48. Re3 Qc8 49. Rh4 Qxc2+ 50. Kh3 Rh5 51. Rxh5 gxh5 52. Rg3+ Kf8
53. Qg7+ Ke7 54. Qg5+ Ke6 55. Re3+ Kd7 56. Qxd5 Qc1 57. Qf3 f5 58. Rd3 Kc7 59.
Rd4 Qg1 60. Rc4+ Kd7 61. Rc2 Ke7 62. Re2+ Kf6 63. Qg2 Qxg2+ 64. Kxg2 Bxf4 65.
Re8 a5 66. Ra8 Bc7 67. Ra7 Bd8 68. Rd7 Be7 69. Rd5 1-0

[Event "Maikop University"]
[Site "Maikop"]
[Date "1998.06.10"]
[Round "10"]
[White "Vlassov Nikolai"]
[Black "Yandemirov Valeri"]
[Result "0-1"]
[WhiteElo "2440"]
[BlackElo "2545"]
[PlyCount "60"]
[EventDate "1998.06.01"]

1. e4 e5 2. Bc4 Nf6 3. d3 Nc6 4. Nf3 Be7 5. O-O O-O 6. Re1 d6 7. a4 h6 8. a5 a6
9. c3 Nh7 10. d4 Ng5 11. Nbd2 Bf6 12. d5 Ne7 13. b4 Ng6 14. g3 Nh3+ 15. Kf1 Be7
16. Bd3 f5 17. exf5 Bxf5 18. Bxf5 Rxf5 19. Kg2 Qd7 20. Ne4 Raf8 21. Re3 Bg5 22.
Nfxg5 Nxg5 23. Ra2 Qf7 24. Qd2 Nh4+ 25. Kh1 Nxe4 26. Rxe4 Rxf2 27. Qxf2 Qxd5
28. Qe2 Qxe4+ 29. Kg1 Nf3+ 30. Kg2 Qc6 0-1

[Event "Maikop University"]
[Site "Maikop"]
[Date "1998.06.10"]
[Round "10"]
[White "Hasangatin Ramil"]
[Black "Gagarin Vasilij"]
[Result "0-1"]
[WhiteElo "2460"]
[BlackElo "2415"]
[PlyCount "92"]
[EventDate "1998.06.01"]

1. e4 c5 2. Nf3 Nc6 3. Bb5 g6 4. Bxc6 dxc6 5. d3 Bg7 6. h3 e5 7. Be3 Qe7 8. Qd2
Nf6 9. Bh6 O-O 10. Nc3 Re8 11. Bxg7 Kxg7 12. O-O-O b5 13. Kb1 a5 14. Nh2 a4 15.
Ne2 a3 16. b3 c4 17. Nc3 cxb3 18. cxb3 Be6 19. Nf3 Bd7 20. Qe3 c5 21. Nd2 Bc6
22. Rc1 Red8 23. Rhd1 Qd6 24. Nf3 b4 25. Ne2 Bb5 26. Ne1 Rac8 27. g3 Nd7 28. f4
f6 29. h4 Kh8 30. Ng1 Nf8 31. Ngf3 Ne6 32. f5 gxf5 33. exf5 Nd4 34. Nh2 Nxf5
35. Qf3 Ng7 36. Ng4 Qd4 37. Rd2 f5 38. Nh6 e4 39. Qf4 Qf6 40. Ng4 Qd4 41. Ne5
Kg8 42. Nc4 Bxc4 43. Rxc4 Qd5 44. g4 fxg4 45. Qxg4 exd3 46. Rxd3 Qe5 0-1

[Event "Maikop University"]
[Site "Maikop"]
[Date "1998.06.10"]
[Round "10"]
[White "Rashkovsky Nukhim N"]
[Black "Tunik Gennady"]
[Result "1/2-1/2"]
[WhiteElo "2505"]
[BlackElo "2470"]
[PlyCount "67"]
[EventDate "1998.06.01"]

1. d4 Nf6 2. Nf3 e6 3. c4 b6 4. Nc3 Bb4 5. Bg5 Bb7 6. Nd2 h6 7. Bh4 c5 8. a3
Bxc3 9. bxc3 d6 10. e3 Nbd7 11. Bd3 Qc7 12. O-O g5 13. Bg3 h5 14. h3 O-O-O 15.
Bh2 Rdg8 16. e4 e5 17. Re1 h4 18. Be2 Kb8 19. a4 a5 20. f3 Nh5 21. Nf1 Nf4 22.
Ne3 Ka7 23. Nd5 Nxd5 24. cxd5 f6 25. Kh1 Rc8 26. Bb5 Ba6 27. Rb1 Bxb5 28. Rxb5
cxd4 29. cxd4 Qc2 30. Bg1 Qxd1 31. Rxd1 exd4 32. Bxd4 Rc4 33. Rxa5+ Kb7 34. Rb5
1/2-1/2

[Event "Maikop University"]
[Site "Maikop"]
[Date "1998.06.10"]
[Round "10"]
[White "Karavaev Vladimir"]
[Black "Totsky Leonid"]
[Result "1/2-1/2"]
[WhiteElo "2380"]
[BlackElo "2490"]
[PlyCount "105"]
[EventDate "1998.06.01"]

1. e4 e6 2. d4 d5 3. e5 c5 4. c3 Qb6 5. Nf3 Bd7 6. Be2 cxd4 7. cxd4 Bb5 8. O-O
Bxe2 9. Qxe2 Ne7 10. Nc3 Nf5 11. Qd3 Nc6 12. Nxd5 Qd8 13. Nc3 Nfxd4 14. Nxd4
Qxd4 15. Qxd4 Nxd4 16. Be3 O-O-O 17. Rac1 Nc6 18. Ne4 Kb8 19. Ng5 Rd7 20. Rfd1
Rc7 21. f4 h6 22. Ne4 Be7 23. a3 Rhc8 24. b4 b6 25. Rc3 Kb7 26. Rcd3 Nb8 27.
Kf2 Rc2+ 28. Kf3 Ra2 29. h3 Rc7 30. g4 Nc6 31. Rc3 Nb8 32. Rcd3 Nc6 33. b5 Nb8
34. Nd6+ Bxd6 35. exd6 Rc8 36. d7 Rd8 37. f5 e5 38. f6 g5 39. Ke4 Rc2 40. Kxe5
Rc7 41. Kf5 Rcxd7 42. Rxd7+ Rxd7 43. Rxd7+ Nxd7 44. Bf2 a6 45. h4 gxh4 46. Bxh4
axb5 47. Be1 Kc6 48. Bd2 Kc5 49. Bxh6 b4 50. Be3+ Kc4 51. axb4 Kxb4 52. g5 b5
53. Bd2+ 1/2-1/2

[Event "Maikop University"]
[Site "Maikop"]
[Date "1998.06.11"]
[Round "11"]
[White "Rodin Mihail"]
[Black "Kharlov Andrei"]
[Result "0-1"]
[WhiteElo "2390"]
[BlackElo "2560"]
[PlyCount "46"]
[EventDate "1998.06.01"]

1. e4 c5 2. Nf3 Nc6 3. d4 cxd4 4. Nxd4 Nf6 5. Nc3 d6 6. Bg5 e6 7. Qd2 Be7 8.
O-O-O Nxd4 9. Qxd4 O-O 10. f4 Qa5 11. Kb1 Rd8 12. Qd2 Bd7 13. Bd3 h6 14. h4 Kf8
15. Qe1 Rac8 16. e5 dxe5 17. fxe5 hxg5 18. hxg5 Ng8 19. Rh8 Bb4 20. Qh4 Bxc3
21. g6 Qb4 22. Rxg8+ Kxg8 23. gxf7+ Kf8 0-1

[Event "Maikop University"]
[Site "Maikop"]
[Date "1998.06.11"]
[Round "11"]
[White "Yandemirov Valeri"]
[Black "Karavaev Vladimir"]
[Result "1/2-1/2"]
[WhiteElo "2545"]
[BlackElo "2380"]
[PlyCount "27"]
[EventDate "1998.06.01"]

1. d4 d5 2. Nf3 Nc6 3. g3 Bf5 4. Bg2 Nb4 5. Na3 c6 6. O-O e6 7. c3 Na6 8. Nb1
h6 9. Nbd2 Nf6 10. Re1 Nc7 11. Ne5 Bd6 12. Nd3 Rb8 13. b4 a5 14. a3 1/2-1/2

[Event "Maikop University"]
[Site "Maikop"]
[Date "1998.06.11"]
[Round "11"]
[White "Svidler Peter"]
[Black "Shipov Sergei"]
[Result "0-1"]
[WhiteElo "2690"]
[BlackElo "2620"]
[PlyCount "110"]
[EventDate "1998.06.01"]

1. e4 c5 2. Nf3 d6 3. d4 Nf6 4. Nc3 cxd4 5. Nxd4 a6 6. Be3 e6 7. g4 h6 8. f4
Nc6 9. h3 Qc7 10. Bg2 Be7 11. Qd2 Bd7 12. Qf2 O-O 13. O-O-O b5 14. g5 hxg5 15.
fxg5 Nh7 16. Nxc6 Bxc6 17. h4 Qb7 18. Kb1 b4 19. Nd5 exd5 20. exd5 Bd7 21. Rdg1
Rae8 22. Bd4 Bd8 23. b3 a5 24. Rh2 a4 25. h5 axb3 26. axb3 Bxg5 27. Bf1 Qxd5
28. Bc4 Qf5 29. Qg3 Re4 30. Bd3 Rxd4 31. Bxf5 Bxf5 32. Rf2 Rg4 33. Qh2 Rxg1+
34. Qxg1 Be3 35. h6 Bg6 36. hxg7 Rd8 37. Qg3 Bxf2 38. Qxf2 Rc8 39. Qd4 Rxc2 40.
Ka1 Rc1+ 41. Ka2 Rc2+ 42. Ka1 Re2 43. Qxb4 d5 44. Qd6 Kxg7 45. Qxd5 Re4 46. Qc5
Nf8 47. b4 Ne6 48. Qc3+ Rd4 49. b5 Be4 50. Ka2 f5 51. Qc8 Kf7 52. Ka3 Rd8 53.
Qc4 Rd3+ 54. Kb2 Rd4 55. Qc8 f4 0-1

[Event "Maikop University"]
[Site "Maikop"]
[Date "1998.06.11"]
[Round "11"]
[White "Kobalija Mihail"]
[Black "Khalifman Alexander"]
[Result "1/2-1/2"]
[WhiteElo "2500"]
[BlackElo "2660"]
[PlyCount "40"]
[EventDate "1998.06.01"]

1. e4 c6 2. d4 d5 3. exd5 cxd5 4. c4 Nf6 5. Nc3 Nc6 6. Bg5 Be6 7. a3 Qd7 8. Be2
O-O-O 9. c5 Ne4 10. Nf3 Bf5 11. Bf4 f6 12. O-O g5 13. Be3 e5 14. dxe5 d4 15. e6
Qxe6 16. Nxd4 Nxd4 17. Bxd4 Bxc5 18. Nb5 Kb8 19. Bxc5 Nxc5 20. Qc1 Qe5 1/2-1/2

[Event "Maikop University"]
[Site "Maikop"]
[Date "1998.06.11"]
[Round "11"]
[White "Vorobiov Evgeny E"]
[Black "Ivanov Sergey"]
[Result "0-1"]
[WhiteElo "2475"]
[BlackElo "2570"]
[PlyCount "82"]
[EventDate "1998.06.01"]

1. e4 e6 2. d4 d5 3. Nd2 c5 4. Ngf3 cxd4 5. Nxd4 Nf6 6. exd5 Qxd5 7. Nb5 Na6 8.
c4 Qf5 9. Qf3 Qxf3 10. Nxf3 Bb4+ 11. Nd2 Bd7 12. a3 Bxd2+ 13. Bxd2 Bxb5 14.
cxb5 Nc5 15. Bc4 Rc8 16. Rc1 Nce4 17. Bd3 Kd7 18. Be3 Nd5 19. Ke2 Nxe3 20. Bxe4
Nd5 21. Bxd5 exd5 22. Kd3 Kd6 23. Rhe1 Rxc1 24. Rxc1 Re8 25. f3 f5 26. f4 h6
27. g3 g5 28. fxg5 hxg5 29. Rf1 Rf8 30. h4 f4 31. hxg5 fxg3 32. Rg1 Rf3+ 33.
Ke2 Rb3 34. g6 Ke6 35. Rc1 Rxb2+ 36. Kf1 Kf6 37. Rc7 Kxg6 38. Rxb7 Kf5 39. Rxa7
d4 40. Rg7 d3 41. Ke1 g2 0-1

[Event "Maikop University"]
[Site "Maikop"]
[Date "1998.06.11"]
[Round "11"]
[White "Solozhenkin Evgeniy"]
[Black "Vlassov Nikolai"]
[Result "1/2-1/2"]
[WhiteElo "2500"]
[BlackElo "2440"]
[PlyCount "81"]
[EventDate "1998.06.01"]

1. d4 Nf6 2. c4 Nc6 3. Nf3 e6 4. a3 g6 5. Nc3 Bg7 6. Bg5 h6 7. Bh4 d5 8. e3 Ne7
9. Qb3 O-O 10. Rd1 b6 11. Bg3 Bb7 12. cxd5 Nexd5 13. Be2 Qe7 14. O-O c5 15.
dxc5 Qxc5 16. Rc1 Rac8 17. Be5 Nxc3 18. Bxc3 Qd5 19. Qa4 a5 20. Rfd1 Qe4 21.
Rd4 Qc6 22. Bb5 Qc5 23. Rc4 Qe7 24. Nd4 Rxc4 25. Qxc4 Nd5 26. Bd2 Rc8 27. Qd3
Rxc1+ 28. Bxc1 e5 29. Ne2 e4 30. Qc2 Kh7 31. h3 Qe5 32. Bc4 f5 33. Qb3 h5 34.
Qb5 Qd6 35. Nd4 f4 36. Qe8 fxe3 37. Ne6 Qe7 38. Qxe7 exf2+ 39. Kxf2 Nxe7 40.
Ng5+ Kh8 41. Nf7+ 1/2-1/2

[Event "Maikop University"]
[Site "Maikop"]
[Date "1998.06.11"]
[Round "11"]
[White "Gagarin Vasilij"]
[Black "Loginov Valery A"]
[Result "1/2-1/2"]
[WhiteElo "2415"]
[BlackElo "2500"]
[PlyCount "84"]
[EventDate "1998.06.01"]

1. d4 Nf6 2. Nf3 e6 3. c4 Bb4+ 4. Bd2 Qe7 5. g3 Nc6 6. Nc3 Bxc3 7. Bxc3 Ne4 8.
Qc2 Nxc3 9. Qxc3 Qb4 10. Qxb4 Nxb4 11. Kd2 c5 12. Bg2 d6 13. dxc5 dxc5 14. Ne1
Ke7 15. a3 Rd8+ 16. Kc3 a5 17. Rb1 Na6 18. Nd3 Ra7 19. Rhd1 Bd7 20. Rd2 b5 21.
cxb5 Bxb5 22. Rbd1 f6 23. Be4 c4 24. Nf4 Rxd2 25. Rxd2 Nc5 26. Bc2 Rc7 27. Ng2
Nd3 28. a4 Ba6 29. exd3 cxd3+ 30. Kb3 dxc2 31. Rxc2 Rxc2 32. Kxc2 Kd6 33. Kc3
g5 34. b4 axb4+ 35. Kxb4 Kc6 36. Ne3 Be2 37. f4 gxf4 38. gxf4 e5 39. fxe5 fxe5
40. a5 h5 41. h4 Ba6 42. Kc3 Kb5 1/2-1/2

[Event "Maikop University"]
[Site "Maikop"]
[Date "1998.06.11"]
[Round "11"]
[White "Lopushnoy Denis"]
[Black "Fedorov Alexei"]
[Result "0-1"]
[WhiteElo "2390"]
[BlackElo "2595"]
[PlyCount "61"]
[EventDate "1998.06.01"]

1. Nf3 Nf6 2. c4 g6 3. g3 Bg7 4. Bg2 O-O 5. d4 d6 6. Nc3 Nc6 7. O-O a6 8. Re1
Rb8 9. Rb1 Re8 10. e4 e5 11. d5 Nd4 12. Ne2 c5 13. dxc6 Nxf3+ 14. Bxf3 bxc6 15.
Nc3 Qc7 16. Be3 Be6 17. b3 h5 18. Qe2 Ng4 19. Bg5 f6 20. Bd2 f5 21. Rbc1 Qd7
22. Red1 Rf8 23. Be1 Bh6 24. Rc2 Rbd8 25. c5 fxe4 26. Bxe4 d5 27. Bxg6 h4 28.
Qxa6 Bf5 29. Bxf5 Qxf5 30. Re2 hxg3 31. hxg3 0-1

[Event "Maikop University"]
[Site "Maikop"]
[Date "1998.06.11"]
[Round "11"]
[White "Nevostrujev Vladimir"]
[Black "Korneev Oleg"]
[Result "1/2-1/2"]
[WhiteElo "2410"]
[BlackElo "2560"]
[PlyCount "36"]
[EventDate "1998.06.01"]

1. e4 e5 2. Nf3 Nc6 3. Nc3 Nf6 4. d4 exd4 5. Nxd4 Bb4 6. Nxc6 bxc6 7. Bd3 d5 8.
exd5 cxd5 9. O-O O-O 10. Bg5 c6 11. Ne2 h6 12. Bh4 Bd6 13. Nd4 c5 14. Nf5 Bxf5
15. Bxf5 Be5 16. Rb1 Qd6 17. f4 Bd4+ 18. Kh1 Rfe8 1/2-1/2

[Event "Maikop University"]
[Site "Maikop"]
[Date "1998.06.11"]
[Round "11"]
[White "Beshukov Sergei"]
[Black "Gutov Andrey"]
[Result "1-0"]
[WhiteElo "2405"]
[BlackElo "2250"]
[PlyCount "39"]
[EventDate "1998.06.01"]

1. e4 c6 2. d4 d5 3. e5 Bf5 4. Nf3 e6 5. Be2 c5 6. Be3 cxd4 7. Nxd4 Ne7 8. Nd2
Nbc6 9. N2f3 Bg6 10. O-O Nf5 11. Nxf5 Bxf5 12. Nd4 Nxd4 13. Qxd4 a6 14. Rac1
Be7 15. c4 dxc4 16. Qxc4 O-O 17. Rfd1 Qb8 18. Rd7 Bd8 19. Bf3 Qxe5 20. Bxb7 1-0

[Event "Maikop University"]
[Site "Maikop"]
[Date "1998.06.11"]
[Round "11"]
[White "Arkhipov Sergey"]
[Black "Poluljahov Aleksandr"]
[Result "0-1"]
[WhiteElo "2355"]
[BlackElo "2505"]
[PlyCount "71"]
[EventDate "1998.06.01"]

1. d4 Nf6 2. c4 g6 3. Nc3 Bg7 4. e4 d6 5. Nf3 O-O 6. Be2 e5 7. O-O exd4 8. Nxd4
Re8 9. f3 c6 10. Kh1 Nh5 11. g4 Nf6 12. Nc2 h5 13. g5 Nh7 14. Rg1 Na6 15. Be3
Qe7 16. Qd2 Nf8 17. Rad1 Be5 18. Ne1 Ne6 19. Nd3 Bd4 20. Nf2 Bxe3 21. Qxe3 b6
22. a3 Bb7 23. Rd2 Nac7 24. h4 Rad8 25. Rgd1 f6 26. Nh3 fxg5 27. Nxg5 Rf8 28.
Rg1 Rf4 29. Qf2 Rdf8 30. Bd1 Nxg5 31. Rxg5 Kh7 32. Qg3 Bc8 33. Rg2 Ne6 34. Rxg6
Qxh4+ 35. Rh2 Qxg3 36. Rxg3 0-1

[Event "Maikop University"]
[Site "Maikop"]
[Date "1998.06.11"]
[Round "11"]
[White "Fominyh Alexander"]
[Black "Dokutchaev A"]
[Result "1-0"]
[WhiteElo "2530"]
[BlackElo "2425"]
[PlyCount "102"]
[EventDate "1998.06.01"]

1. c4 e5 2. Nc3 Nf6 3. Nf3 Nc6 4. a3 d6 5. e3 g6 6. d3 Bg7 7. Be2 a5 8. O-O O-O
9. Qc2 Re8 10. Rb1 d5 11. cxd5 Nxd5 12. Bd2 Bf8 13. Na4 h6 14. h3 Kh7 15. Rfd1
f5 16. Rbc1 Bg7 17. Qb3 Qd6 18. Bf1 b6 19. Qc2 Bd7 20. Nc3 Nxc3 21. Bxc3 Ne7
22. d4 e4 23. Ne5 Be6 24. Be1 Rec8 25. Nc4 Qd7 26. b4 axb4 27. axb4 Bd5 28. Qb1
Qe6 29. b5 Ra4 30. Ne5 Bxe5 31. dxe5 Bb3 32. Rd2 Rca8 33. Qb2 Ra2 34. Qd4 Rxd2
35. Bxd2 Rc8 36. Rb1 Bd5 37. Ra1 Rd8 38. Bc3 g5 39. Bb2 Rd7 40. Qc3 Ng6 41. Be2
Re7 42. Bh5 Bc4 43. Ra7 Rg7 44. Rb7 Nh4 45. Rb8 Bxb5 46. Rf8 g4 47. hxg4 fxg4
48. Qd4 Nf3+ 49. Rxf3 gxf3 50. Qxe4+ Kh8 51. Bxf3 Bc4 1-0

[Event "Maikop University"]
[Site "Maikop"]
[Date "1998.06.11"]
[Round "11"]
[White "Shabanov Yuri"]
[Black "Makarov Marat"]
[Result "1/2-1/2"]
[WhiteElo "2495"]
[BlackElo "2540"]
[PlyCount "32"]
[EventDate "1998.06.01"]

1. e4 c5 2. Nf3 Nc6 3. Bb5 e6 4. O-O Nge7 5. Nc3 Nd4 6. Ba4 Nec6 7. Re1 Be7 8.
d3 O-O 9. Nxd4 Nxd4 10. Ne2 Nxe2+ 11. Qxe2 b6 12. c3 Bb7 13. Bf4 d6 14. d4 cxd4
15. cxd4 Bg5 16. Bg3 Bh4 1/2-1/2

[Event "Maikop University"]
[Site "Maikop"]
[Date "1998.06.11"]
[Round "11"]
[White "Sherbakov Ruslan"]
[Black "Zarubin Pavel"]
[Result "1/2-1/2"]
[WhiteElo "2555"]
[BlackElo "2445"]
[PlyCount "35"]
[EventDate "1998.06.01"]

1. d4 d5 2. c4 e6 3. Nc3 Be7 4. Nf3 Nf6 5. Qc2 O-O 6. Bg5 h6 7. Bxf6 Bxf6 8.
Rd1 c6 9. e3 Nd7 10. Bd3 Qe7 11. O-O Rd8 12. a3 g6 13. Rfe1 Bg7 14. h4 dxc4 15.
Bxc4 c5 16. dxc5 Qxc5 17. Ne4 Qc7 18. Qe2 1/2-1/2

[Event "Maikop University"]
[Site "Maikop"]
[Date "1998.06.11"]
[Round "11"]
[White "Petrushin Alexander I"]
[Black "Shovunov Baatr"]
[Result "1/2-1/2"]
[WhiteElo "2425"]
[BlackElo "2475"]
[PlyCount "53"]
[EventDate "1998.06.01"]

1. e4 c6 2. d4 d5 3. Nc3 dxe4 4. Nxe4 Bf5 5. Ng3 Bg6 6. h4 h6 7. Nf3 Nd7 8. h5
Bh7 9. Bd3 Bxd3 10. Qxd3 Qc7 11. Bd2 e6 12. O-O-O O-O-O 13. Ne4 Ngf6 14. g3 Nc5
15. Nxc5 Bxc5 16. c4 Rhe8 17. Bc3 Bf8 18. Qe2 c5 19. Rh4 cxd4 20. Bxd4 Bc5 21.
Bc3 Rxd1+ 22. Kxd1 Qb6 23. Ke1 Bb4 24. Bxb4 Qxb4+ 25. Kf1 Rd8 26. c5 Qa5 27. b4
1/2-1/2

[Event "Maikop University"]
[Site "Maikop"]
[Date "1998.06.11"]
[Round "11"]
[White "Kozak Alexander"]
[Black "Bratchenko Alexander"]
[Result "1/2-1/2"]
[WhiteElo "2365"]
[BlackElo "2355"]
[PlyCount "59"]
[EventDate "1998.06.01"]

1. e4 Nf6 2. e5 Nd5 3. c4 Nb6 4. c5 Nd5 5. Bc4 e6 6. d4 b6 7. cxb6 axb6 8. Nc3
c6 9. Nh3 Ba6 10. Bxa6 Nxa6 11. O-O Nxc3 12. bxc3 b5 13. a4 Nc7 14. Bg5 Qc8 15.
axb5 cxb5 16. Qf3 Rb8 17. Bd2 Be7 18. Qg3 g6 19. Bh6 Nd5 20. Rfc1 Ra8 21. Rxa8
Qxa8 22. Nf4 Rg8 23. Nxd5 Qxd5 24. Bg5 Bxg5 25. Qxg5 Qa2 26. h4 h5 27. Re1 Qb2
28. Qe3 Kf8 29. Qh6+ Ke8 30. Qe3 1/2-1/2

[Event "Maikop University"]
[Site "Maikop"]
[Date "1998.06.11"]
[Round "11"]
[White "Balashov Yuri S"]
[Black "Filippov Valerij"]
[Result "1/2-1/2"]
[WhiteElo "2555"]
[BlackElo "2595"]
[PlyCount "112"]
[EventDate "1998.06.01"]

1. e4 c5 2. Nf3 e6 3. d4 cxd4 4. Nxd4 Nf6 5. Nc3 Nc6 6. Be2 Bb4 7. O-O Bxc3 8.
bxc3 Nxe4 9. Bd3 d5 10. Ba3 Qa5 11. Qc1 Nxc3 12. Nb3 Qc7 13. Re1 e5 14. Qd2 d4
15. f4 Be6 16. fxe5 O-O-O 17. Bd6 Rxd6 18. exd6 Qxd6 19. Qg5 g6 20. Nc5 Bd5 21.
Ne4 Nxe4 22. Bxe4 Bxe4 23. Rxe4 f5 24. Ree1 Qc5 25. Kh1 Rd8 26. Qf6 Qxc2 27.
Rac1 Qxa2 28. Rxc6+ bxc6 29. Qxc6+ Kb8 30. Rc1 Qa5 31. Rb1+ Qb6 32. Rxb6+ axb6
33. Qxb6+ Kc8 34. Qc5+ Kb7 35. Qe7+ Kc8 36. Qxh7 d3 37. Qxg6 d2 38. Qxf5+ Kc7
39. Qc2+ Kb6 40. Qd1 Kc5 41. Kg1 Kb4 42. Kf2 Kc3 43. Qa1+ Kc2 44. Qa4+ Kc1 45.
Qc6+ Kd1 46. g3 Rf8+ 47. Ke3 Rb8 48. Qa4+ Ke1 49. Qa5 Re8+ 50. Kd3 Rd8+ 51. Ke4
Re8+ 52. Kf5 Rf8+ 53. Kg4 Rf2 54. h4 Ke2 55. Qe5+ Kf1 56. Qd4 Ke2 1/2-1/2

[Event "Maikop University"]
[Site "Maikop"]
[Date "1998.06.11"]
[Round "11"]
[White "Pigusov Evgeny"]
[Black "Kiriakov Petr"]
[Result "1/2-1/2"]
[WhiteElo "2575"]
[BlackElo "2495"]
[PlyCount "23"]
[EventDate "1998.06.01"]

1. Nf3 Nf6 2. g3 d5 3. Bg2 e6 4. O-O Be7 5. d4 O-O 6. c4 dxc4 7. Qc2 a6 8. a4
Bd7 9. Qxc4 Bc6 10. Bg5 a5 11. Nc3 Na6 12. Bxf6 1/2-1/2

[Event "Maikop University"]
[Site "Maikop"]
[Date "1998.06.11"]
[Round "11"]
[White "Kupreichik Viktor D"]
[Black "Prokopchuk Evgeny"]
[Result "1/2-1/2"]
[WhiteElo "2505"]
[BlackElo "2500"]
[PlyCount "102"]
[EventDate "1998.06.01"]

1. e4 c5 2. Nc3 e6 3. Nf3 a6 4. d4 cxd4 5. Nxd4 Qc7 6. g3 Nf6 7. Bg2 Nc6 8. O-O
Bc5 9. Nxc6 dxc6 10. e5 Qxe5 11. Bf4 Qh5 12. Bf3 Qg6 13. Na4 Ba7 14. Bd6 h5 15.
Kh1 h4 16. g4 h3 17. Qe2 Rh4 18. Rg1 Bd7 19. c4 Rd8 20. Rad1 Bc8 21. Bg3 Rxd1
22. Rxd1 Rxg4 23. Bxg4 Nxg4 24. c5 Nxf2+ 25. Qxf2 Qe4+ 26. Kg1 Qxa4 27. b3 Qg4
28. Rd4 Qg5 29. b4 Bb8 30. Rh4 Ke7 31. Rh8 Qc1+ 32. Qe1 Qc2 33. Rxh3 Bxg3 34.
Rxg3 g6 35. Rf3 Qb2 36. Qh4+ Ke8 37. Qf4 f5 38. Rf2 Qc3 39. Kg2 e5 40. Re2 e4
41. Re3 Qb2+ 42. Kg3 Be6 43. a3 Ke7 44. h3 Qa1 45. Qd6+ Kf7 46. Kf4 g5+ 47.
Kxg5 Qf6+ 48. Kf4 Qh4+ 49. Ke5 Qh8+ 50. Kf4 Qh6+ 51. Ke5 Qf6+ 1/2-1/2

[Event "Maikop University"]
[Site "Maikop"]
[Date "1998.06.11"]
[Round "11"]
[White "Khasin Alexander"]
[Black "Belozerov Andrei"]
[Result "1/2-1/2"]
[WhiteElo "2495"]
[BlackElo "2460"]
[PlyCount "22"]
[EventDate "1998.06.01"]

1. Nf3 Nf6 2. g3 b6 3. d4 Bb7 4. c4 e6 5. Bg2 Be7 6. Nc3 Ne4 7. Nxe4 Bxe4 8.
O-O O-O 9. Ne1 Bxg2 10. Nxg2 d5 11. cxd5 Qxd5 1/2-1/2